000 00516nam a22001577a 4500
003 NUST
082 _a200
100 _aRiaz, Tayyeba
_997669
245 _aCorroborating Information from Disagreeing Views Using Machine Learning Techniques /
_cTayyeba Riaz
264 _aIslamabad :
_bSEECS, NUST,
_c2022.
300 _a101 p. ;
650 _aMS-Information Technology
_926924
700 _aSupervisor: Dr. Seemab Latif
_996493
856 _uhttp://10.250.8.41:8080/xmlui/handle/123456789/30035
942 _2ddc
_cSC
999 _c591130
_d591130